| 000 | 01311 a2200229 4500 | ||
|---|---|---|---|
| 001 | 47178 | ||
| 005 | 20260407155740.0 | ||
| 008 | 260407a2004 arg spa d | ||
| 003 | AR-UNSa-BCEJYS | ||
| 040 |
_aAR-UNSa-BCEJYS _bspa _cAR-UNSa-BCEJYS |
||
| 080 |
_a330.101.541 _xMacroeconomía |
||
| 245 | 1 | 0 |
_aCurso de Macroeconomía _pguía de aprendizaje |
| 020 | _a950-721-218-3 | ||
| 264 | 1 |
_aSan Salvador de Jujuy : _bUniversidad Nacional de Jujuy _c2004 |
|
| 300 |
_a279 p. _c30 cm. |
||
| 505 | _a1. Conceptos Básicos - 2. Cuantificación de la Economía - 3. Economía Cerrada y sin Gobierno - 4. Economía Cerrada y con Gobierno - 5. Economía Abierta y con Gobierno - 6. Mercado Monetario - 7. Equilibrio simultáneo IS-LM. Equilibrio y Sector Externo. Demanda Global. Cambios en la DD - 8. La producción. El mercado de trabajo. Oferta Global. Equilibrio General. Alteraciones en el Equilibrio General - 9. Inflación y Desempleo. Política Económica de Corto Plazo - 10. Crecimiento económico. Planificación Económica. Desarrollo económico. | ||
| 942 | _cBK | ||
| 590 | _aniveau_biblio:m niveau_hierar:0 | ||
| 100 | 1 | _aUniversidad Nacional de Jujuy | |
| 700 | 1 | _aQuintana, Humberto L. | |
| 856 | 4 | 1 |
_uhttps://www.biblioeco.unsa.edu.ar/pmb/images/libros/L127419.jpg _yImagen de portada _qimage/jpeg |
| 999 |
_c4311 _d4311 |
||